Công nghệ nuôi trồng nấm

Saved in:
Bibliographic Details
Main Author: Nguyễn, Lân Dũng
Format: Book
Language:Undetermined
Published: Hà Nội Nông Nghiệp 2007
Subjects:
Tags: Add Tag
No Tags, Be the first to tag this record!
Institutions: Trung tâm Học liệu Trường Đại học Cần Thơ
LEADER 00602nam a2200193Ia 4500
001 CTU_127917
008 210402s9999 xx 000 0 und d
020 |c 25000 
082 |a 635.8 
082 |b D513/T.2 
100 |a Nguyễn, Lân Dũng 
245 0 |a Công nghệ nuôi trồng nấm 
245 0 |c Nguyễn Lân Dũng 
260 |a Hà Nội 
260 |b Nông Nghiệp 
260 |c 2007 
650 |a Mushroom, edible,Mushroom culture,Nấm, không độc,Nấm thiên nhiên 
904 |i Tuyến 
980 |a Trung tâm Học liệu Trường Đại học Cần Thơ